Estatísticas para Copa do Mundo - Time das Estrelas 1994

Clique aqui para jogar o quiz

Estatísticas Gerais

  • Esse quiz foi jogado 56 vezes
  • A pontuação média é 7 de 11

Estatísticas das Respostas

PosiçãoSeleçãoJogador% Correto
AtaqueBrasilRomário
100%
AtaqueItáliaRoberto Baggio
98%
Meio CampoBrasilDunga
91%
AtaqueBulgáriaHristo Stoichkov
76%
Meio CampoRomêniaGheorghe Hagi
71%
DefesaItáliaPaolo Maldini
64%
DefesaBrasilJorginho
60%
DefesaBrasilMárcio Santos
47%
GoleiroBélgicaMichel Preud'homme
31%
Meio CampoSuéciaTomas Brolin
24%
Meio CampoBulgáriaKrasimir Balakov
20%

Distribuição das Pontuações

Percentil de Números Respondidos

Porcentagem de Pessoas com Cada Pontuação

Sua Pontuação Histórica

Você não jogou esse quiz